| 000 | 00423nam a2200133Ia 4500 | ||
|---|---|---|---|
| 008 | 210430s9999 xx 000 0 und d | ||
| 020 | _a9780871708489 | ||
| 082 | _a672.37 K631 P | ||
| 100 |
_aErhard Klar, Prasan Samal _9127743 |
||
| 245 |
_aPowder Metallurgy Stainless Steels: Procesing, microstructures, and properties / _cErhard Klar |
||
| 260 |
_aOhio _bASM International _c2007 |
||
| 300 | _a243p. | ||
| 942 |
_cBK _2ddc |
||
| 999 |
_c564361 _d564361 |
||